Personajes de dibujos animados #1 - Estadísticas

Estadísticas generales
  • Esta prueba ha sido intentada 1.379 veces
  • La puntuación promedio es 21 de 24
Estadísticas de respuestas
Imagen Respuesta % Correcto
Dora
99%
Patricio
99%
Bart
98%
Bob Esponja
98%
Pantera Rosa
97%
Scooby-Doo
97%
Homer
96%
Piolín
96%
Bugs Bunny
94%
Phineas
93%
Doraemon
90%
Goku
90%
Heidi
89%
Gumball
87%
Finn
83%
Nobita
83%
Ash
81%
Jake
81%
Darwin
76%
Agallas
75%
Cosmo
69%
Peter
64%
Steven Universe
62%
Rigby
61%
No se encontraron pruebas coincidentes
Distribución de puntuación
Porcentaje de gente con cada puntuación
Porcentaje por número respondido
Historial de tus puntuaciones
No has intentado esta prueba.